| 000 | 00834nam a2200229 a 4500 | ||
|---|---|---|---|
| 999 |
_c5466 _d5466 |
||
| 001 | 5466 | ||
| 003 | CDMR | ||
| 005 | 20241204123953.0 | ||
| 008 | 130130s1987||||||||||||||||||||||||||||d | ||
| 020 | _a8431309911 | ||
| 040 |
_aCDMR _bcat _cCDMR |
||
| 245 | 0 | 0 |
_aPrensa, paz, violencia y terrorismo _b: la crisis de credibilidad de los informadores _c/ Jose Mª Desantes Guanter ... [et al.] ; [editor: Carlos Soria] |
| 260 |
_aPamplona : _bEdiciones Universidad de Navarra, _c1987 |
||
| 300 | _a154 p. | ||
| 490 | 0 |
_aCiencias de la información _v; 52 |
|
| 650 | 0 | 4 |
_92772 _aViolència en els mitjans de comunicació de massa |
| 650 | 0 | 4 |
_91994 _aTerrorisme i mitjans de comunicació de massa |
| 650 | 0 | 4 |
_9983 _aÈtica periodística |
| 700 | 1 |
_9218 _aDesantes Guanter, José María |
|
| 700 | 1 |
_9520 _aSoria, Carlos |
|
| 942 |
_cMON _2udc |
||